Fiction and the shape of belief : (Record no. 17964)
[ view plain ]
| 000 -LEADER | |
|---|---|
| fixed length control field | 01198pam a2200325 i 4500 |
| 001 - CONTROL NUMBER | |
| control field | 17964 |
| 003 - CONTROL NUMBER IDENTIFIER | |
| rucl marc code | BD-RjUL |
| 005 - DATE AND TIME OF LATEST TRANSACTION | |
| control field | 20211209000222.0 |
| 008 - FIXED-LENGTH DATA ELEMENTS--GENERAL INFORMATION | |
| fixed length control field | 140219t19801964ilu b 001 0 eng |
| 020 ## - INTERNATIONAL STANDARD BOOK NUMBER | |
| International Standard Book Number | 0226733378 (pbk) |
| 035 ## - SYSTEM CONTROL NUMBER | |
| System control number | (BD-RjUL)18022 |
| 040 ## - CATALOGING SOURCE | |
| Original cataloging agency | DLC |
| Transcribing agency | DLC |
| Modifying agency | BD-RjUL |
| Language of cataloging | eng |
| 041 ## - LANGUAGE CODE | |
| Language code of text/sound track or separate title | eng |
| 082 00 - DEWEY DECIMAL CLASSIFICATION NUMBER | |
| Classification number | 823.5 |
| Author mark and year | SAF 1980 |
| 100 1# - MAIN ENTRY--PERSONAL NAME | |
| Personal name | Sacks, Sheldon, |
| Dates associated with a name | 1930- |
| 9 (RLIN) | 55392 |
| 245 10 - TITLE STATEMENT | |
| Title | Fiction and the shape of belief : |
| Remainder of title | a study of Henry Fielding, with glances at Swift, Johnson, and Richardson / |
| Statement of responsibility, etc. | Sheldon Sacks. |
| 250 ## - EDITION STATEMENT | |
| Edition statement | Phoenix ed. |
| 260 ## - PUBLICATION, DISTRIBUTION, ETC. (IMPRINT) | |
| Place of publication, distribution, etc. | Chicago : |
| Name of publisher, distributor, etc. | University of Chicago Press, |
| Date of publication, distribution, etc. | c1964 [Phoenix ed.1980]. |
| 300 ## - PHYSICAL DESCRIPTION | |
| Pagination | viii, 277 p. ; |
| Size | 23 cm. |
| 490 0# - SERIES STATEMENT | |
| Series statement | A Phoenix book ; |
| Volume/sequential designation | P877 |
| 504 ## - BIBLIOGRAPHY, ETC. NOTE | |
| Bibliography, etc | Includes bibliographical references and index. |
| 600 10 - SUBJECT ADDED ENTRY--PERSONAL NAME | |
| Personal name | Fielding, Henry, |
| Dates associated with a name | 1707-1754 |
| General subdivision | Fictional works. |
| 650 #0 - SUBJECT ADDED ENTRY--TOPICAL TERM | |
| Topical term or geographic name as entry element | English fiction |
| Chronological subdivision | 18th century |
| General subdivision | History and criticism. |
| 9 (RLIN) | 55394 |
| Topical term or geographic name as entry element | Didactic fiction, English |
| General subdivision | History and criticism. |
| 9 (RLIN) | 55395 |
| Topical term or geographic name as entry element | Literature and morals |
| General subdivision | History |
| Chronological subdivision | 18th century. |
| 9 (RLIN) | 55396 |
| Topical term or geographic name as entry element | Belief and doubt in literature. |
| 9 (RLIN) | 55397 |
| 942 ## - ADDED ENTRY ELEMENTS (KOHA) | |
| Source of classification or shelving scheme | Dewey Decimal Classification |
| Koha item type | Books |
| Lost status | Source of classification or shelving scheme | Damaged status | Not for loan | Collection code | Permanent Location | Current Location | Shelving location | Date acquired | Source of acquisition | Total Checkouts | Full call number | Date last seen | Copy number | Koha item type |
|---|---|---|---|---|---|---|---|---|---|---|---|---|---|---|
| Dewey Decimal Classification | Not For Loan | Fiction | Central Library, University of Rajshahi | Central Library, University of Rajshahi | Reading Room | 06/09/1988 | Asia Foundation | 823.5 SAF 1980 | 19/02/2014 | C-1 | Books |